| 000 | 00793nam a2200229Ia 4500 | ||
|---|---|---|---|
| 001 | 8553 | ||
| 003 | GE_BSU | ||
| 008 | 181216s||||||||xx |||||||||||||| ||und|| | ||
| 040 | _cGE_BSU | ||
| 080 | _a821.353.1-1 | ||
| 100 | _aვანილიში,ანა | ||
| 245 | _aსაიდან მოდის სილამაზე. | ||
| 245 | _bლექსები. | ||
| 245 | _cრედ:ლალი კონცელიძე;მხატვ:რედ:გურამ გუჯაბიძე. | ||
| 260 | _aბათუმი. | ||
| 260 | _bაჭარის ფილიალი. | ||
| 260 | _c2002. | ||
| 300 | _a54გვ;1ფ.პორტრ.19სმ. | ||
| 541 | _h5ლ.-4ლ. | ||
| 653 | _aსაიდან მოდის სილამაზე. | ||
| 942 | _cBK | ||
| 999 |
_c41870 _d41870 |
||